000 01464 a2200253 4500
001 5431
005 20260407155436.0
008 260407a2010 arg spa d
003 AR-UNSa-BCEJYS
040 _aAR-UNSa-BCEJYS
_bspa
_cAR-UNSa-BCEJYS
080 _a628.1
_xAbastecimiento de agua. Tratamiento del agua. Consumo del agua
245 1 0 _aLa cuestión del agua
_palgunas consideraciones sobre el estado de situación de los recursos hìdricos de la Argentina
020 _a978-987-595-130-3
264 1 _aLa Plata :
_bAcademias Nacionales de Ingeniería, Ciencias Económicas y Ciencias Exactas, Físicas y Naturales
_c2010
300 _a127 p.
_c23 cm.
505 _a1. Introducción -- 2. Sostenibilidad del uso de los recursos hídricos: situación general y perspectivas -- 3. Temas emergentes relacionados con el agua -- 4. Situación de los recursos hídricos en Argentina -- 5. Figuras -- 6. Recursos hídricos interjurisdiccionales e internacionales -- 7. Marco jurídico-administrativo del agua en la República Argentina -- 8. Glosario -- 9. Siglas -- 10. Referencias digitales -- 11. Referencias bibliográficas
942 _cBK
590 _aniveau_biblio:m niveau_hierar:0
100 1 _aDagnino Pastore, José María
700 1 _aSturzenegger, Adolfo
700 1 _aCharreau, Eduardo H.
700 1 _aVardé, Oscar
856 4 1 _uhttps://biblioeco.unsa.edu.ar/pmb/images/libros/La Cuestion del Agua-l118543.jpg
_yImagen de portada
_qimage/jpeg
999 _c442
_d442